People on a Map Quiz Stats

 Plays Quiz Updated Nov 7, 2018

     
Support Sporcle.
Go Orange.
Score 0/22 Timer 06:00
0 Plays Today
Hint Person % Correct
Reality TV star and heiress of a hotel fortuneParis Hilton
81.5%
Starred alongside Bugs Bunny Space Jam, also one of the best Basketball players of all timeMichael Jordan
74.4%
Starred alongside Johnny Depp in the Pirates of the Caribbean movies as Will TurnerOrlando Bloom
69.5%
Daredevil actor from MTV's 'Jackass' and 'The Dukes of Hazzard'Johnny Knoxville
66.1%
Child actress from 'Charlotte's Web' and 'War of the Worlds'Dakota Fanning
63.5%
Best Supporting Actor Oscar winner for his role in 'Jerry Maguire'Cuba Gooding Jr.
58.2%
Pro Football Hall-of-Famer that took the 49ers to 4 super bowlsJoe Montana
55.6%
American author from San Francisco, wrote 'White Fang'Jack London
52.7%
'Stand by me' star who tragically died at 23River Phoenix
52.7%
Only US President to serve two nonconsecutive termsGrover Cleveland
52.3%
Pulitzer prize winning playwright known for 'Cat on a Hot Tin Roof'Tennessee Williams
47.3%
Hint Person % Correct
Plays Beatriz Suarez in the ABC show 'Ugly Betty'America Ferrera
41.5%
Pioneering English Nurse during Crimean War, 'Lady with the lamp'Florence Nightingale
38.8%
Attorney General under Bill Clinton administration Janet Reno
28.1%
Knicks player and member of the USA 2000 Olympic basketball teamAllan Houston
17.1%
Female novelist, works include “The Waves” and “A room of one's own”Virginia Woolf
14.6%
American director of 'Home Alone' and 'Mrs. Doubtfire'Chris Columbus
12.7%
2009 WWE Hall of Fame inducteeStone Cold Steve Austin
11.5%
Brazilian Supermodel and Maybelline spokesmodelAdriana Lima
11%
Co-Founder of Wikipedia and WikiaJimmy Wales
8.4%
Winner of season 1 of Dancing with the Stars Kelly Monaco
6.6%
Nominated for Best Director Oscar for 'Tootsie'Sydney Pollack
6%

From the Vault

'U' Countries

by omgimonfire15

Geography 30s
U are gonna have a tough time with this quiz!
Remove Ads.
Support Sporcle.
Get the best of Sporcle when you Go Orange. This ad-free experience offers more features, more stats, and more fun while also helping to support Sporcle. Thank you for becoming a member.

Show Comments

Extras

Top Quizzes Today


Score Distribution

Your Account Isn't Verified!

In order to create a playlist on Sporcle, you need to verify the email address you used during registration. Go to your Sporcle Settings to finish the process.

Report this User

Report this user for behavior that violates our Community Guidelines.

Details: